00861nam a22002177a 4500999001700000003000900017008004100026040007100067082001800138100001500156245008500171260003500256300003800291505011800329650002400447650002200471650002800493942001600521945000800537952009800545 c20333d20333AR-CdUCM190529b ||||| |||| 00| 0 spa d aMUNICIPALIDAD PROVINCIAL DEL CUSCOcBIBLIOTECA MUNICIPAL DEL CUSCO a376.34 /bO64 aOre, Cesar aTécnica de la globalización :bDidáctica de las materias de primer grado / aLima :bSanmarti y Cia,c1956. a270 páginas ;bCuadros,c25 cm. aContenido : Los metodos didacticos -- Metodos generales de aprendizaje -- Concepto y alcance de la didáctica... aMetodología92264 aDidáctica95011 aPlan educacional942512 2ddccLIBROS arcc 002ddc4070aSHbSHcCARTd2019-05-29g25.00o376.34 / O64pSH0000014707r2019-05-29yLIBROS